| 000 | 00831nac a22002411u 4500 | ||
|---|---|---|---|
| 008 | 100907s2003 i |||||r|||| 001 0 eng d | ||
| 010 | _a2003041285 | ||
| 020 | _a0735619077 | ||
| 020 | _a8120323246 | ||
| 035 | _a(OCoLC)ocm51342706 | ||
| 082 | 0 | 0 |
_a005.2768 _bTEM _222 |
| 100 |
_aTempleman, Julian. _918511 |
||
| 245 | 1 | 0 |
_aMicrosoft Visual C++ .NET step by step : version 2003 / _cJulian Templeman, Andy Olsen. |
| 260 |
_aNew Delhi: _bPrentice - Hall of India _c2003. |
||
| 300 |
_axviii, 581 p. : _bill. ; _c23 cm. _e+ 1 CD-ROM (4 3/4 in.) |
||
| 490 | 1 |
_aStep by step _918512 |
|
| 500 | _aIncludes index. | ||
| 650 | 0 |
_aC++ (Computer program language) _918513 |
|
| 650 | 0 |
_aMicrosoft .NET. _918514 |
|
| 700 | 1 |
_aOlsen, Andy. _918515 |
|
| 830 | 0 |
_aStep by step (Redmond, Wash.) _918516 |
|
| 942 |
_cBB _k005.2768 TEM _2ddc |
||
| 999 |
_c488 _d488 |
||